000 00892 a2200217 4500
001 121151
020 _a9788592443917
040 _cEscola Canadense de Niteroi
090 _aBRE
100 _aBretanha, Sídney
245 1 0 _aAlf: O amor tem quatro patas!
260 _aTaubaté
300 _a80 p.
_bil.
_c2 x 0.1 x 15
362 0 _a2019
520 _aAlém de abordar a relação de amizade entre crianças e animais, um dos exemplos de lições ensinadas pelos animais do livro é exemplificado na relação entre o vizinho de protagonista e seu cachorrinho Hermes. Portador do transtorno de espectro autista, o vizinho de Felipe tinha dificuldades em se relacionar com os outros. Através de seus cães, as duas crianças criam um laço importante de amizade.
650 4 _aLiteratura Infantil
650 4 _aAnimais
650 4 _aAmizade
650 4 _aAutismo
942 _cBK
999 _c121151
_d121151